| 000 | 00640cam a2200229 4500 | ||
|---|---|---|---|
| 008 | 090401t1996 xxu||||| |||| 00| 0 eng d | ||
| 020 | _a1856042030 | ||
| 035 | _a(Sirsi) u22147 | ||
| 041 | _aeng | ||
| 050 | _a658.404 | ||
| 100 | _aMacLachlan, Liz | ||
| 245 | _aMaking project management work for you. | ||
| 260 |
_aLondon _bLibrary Association _c1996 |
||
| 300 | _ax,86p. ; 21cm. | ||
| 350 | _a12.5 | ||
| 490 |
_aLibrary Association The Successful LIS Professional Series _v17,1d |
||
| 650 | _aLIBRARIES | ||
| 650 | _aMANAGEMENT-PROJECT MANAGEMENT | ||
| 690 |
_aProject management _96261 |
||
| 942 | _n0 | ||
| 948 | _c04/03/1997 | ||
| 999 |
_c88133 _d88133 |
||